Parivartanasheela Tulu Rangabhoomi ಪರಿವರ್ತನಶೀಲ ತುಳುರಂಗಭೂಮಿ (Record no. 229338)
[ view plain ]
| 000 -LEADER | |
|---|---|
| fixed length control field | 00938nam a22002057a 4500 |
| 005 - DATE AND TIME OF LATEST TRANSACTION | |
| control field | 20231206121655.0 |
| 008 - FIXED-LENGTH DATA ELEMENTS--GENERAL INFORMATION | |
| fixed length control field | 231128b ||||| |||| 00| 0 eng d |
| 040 ## - CATALOGING SOURCE | |
| Transcribing agency | AL |
| 041 ## - LANGUAGE CODE | |
| Language code of text/sound track or separate title | Kannada |
| 082 ## - DEWEY DECIMAL CLASSIFICATION NUMBER | |
| Edition number | 23 |
| Classification number | K894.209 |
| Item number | MUDP |
| 100 ## - MAIN ENTRY--PERSONAL NAME | |
| Personal name | Muddu Moodubelle ಮುದ್ದು ಮೂಡುಬೆಳ್ಳೆ |
| 100 ## - MAIN ENTRY--PERSONAL NAME | |
| 9 (RLIN) | 144518 |
| 245 ## - TITLE STATEMENT | |
| Title | Parivartanasheela Tulu Rangabhoomi ಪರಿವರ್ತನಶೀಲ ತುಳುರಂಗಭೂಮಿ |
| 260 ## - PUBLICATION, DISTRIBUTION, ETC. | |
| Place of publication, distribution, etc. | Mangalagangothri ಮಂಗಳಗಂಗೋತ್ರಿ |
| Name of publisher, distributor, etc. | Prasaranga Mangalore University ಪ್ರಸಾರಾಂಗ ಮಂಗಳೂರು ವಿಶ್ವವಿದ್ಯಾನಿಲಯ |
| Date of publication, distribution, etc. | 2021 |
| 300 ## - PHYSICAL DESCRIPTION | |
| Extent | 64 p. |
| Other physical details | PB |
| Dimensions | 21x14 cm. |
| 365 ## - TRADE PRICE | |
| Price type code | 063-065 |
| Price amount | ₹25.00 |
| Currency code | ₹ |
| Unit of pricing | ₹50.00 |
| Price note | 50% |
| Price effective from | 23-11-2023 |
| 650 ## - SUBJECT ADDED ENTRY--TOPICAL TERM | |
| Topical term or geographic name entry element | History of Tulu theatre ತುಳು ರಂಗಭೂಮಿ |
| 9 (RLIN) | 144515 |
| 650 ## - SUBJECT ADDED ENTRY--TOPICAL TERM | |
| Topical term or geographic name entry element | Plays ನಾಟಕಗಳು |
| 9 (RLIN) | 144516 |
| 700 ## - ADDED ENTRY--PERSONAL NAME | |
| Personal name | MUDDU MOODUBELLE |
| 9 (RLIN) | 144517 |
| 942 ## - ADDED ENTRY ELEMENTS (KOHA) | |
| Source of classification or shelving scheme | Dewey Decimal Classification |
| Koha item type | Book |
| Withdrawn status | Lost status | Source of classification or shelving scheme | Damaged status | Not for loan | Collection code | Home library | Current library | Date acquired | Source of acquisition | Cost, normal purchase price | Total Checkouts | Full call number | Barcode | Date last seen | Cost, replacement price | Price effective from | Koha item type |
|---|---|---|---|---|---|---|---|---|---|---|---|---|---|---|---|---|---|
| Dewey Decimal Classification | Kannada | St Aloysius Library | St Aloysius Library | 11/24/2023 | Prasaranga Mangalore University | 25.00 | K894.209 MUDP | 076940 | 11/28/2023 | 50.00 | 11/28/2023 | Book |